[Event "PokerStars IoM Masters"]
[Site "Douglas ENG"]
[Date "2014.10.11"]
[EventDate "2014.10.04"]
[Round "8.18"]
[Result "0-1"]
[White "Thomas J Bartell"]
[Black "Elisabeth Paehtz"]
[WhiteElo "2358"]
[BlackElo "2477"]
[PlyCount "104"]

1. d4 d5 2. c4 c6 3. Nf3 Nf6 4. e3 g6 5. Bd3 Bg7 6. O-O O-O
7. Nc3 Bg4 8. h3 Bxf3 9. Qxf3 e6 10. Rb1 Nbd7 11. Rd1 Qe7
12. Qe2 Rfd8 13. b3 Ne8 14. Bb2 Nb6 15. Bc2 Qh4 16. c5 Nd7
17. b4 a6 18. f4 f5 19. Kh2 g5 20. g3 Qh6 21. fxg5 Qxg5
22. Rf1 Nef6 23. Bc1 Ne4 24. Nxe4 fxe4 25. Rf4 e5 26. Rg4 Qf6
27. Bb2 Rf8 28. Kg2 h5 29. Rh4 Qf3+ 30. Qxf3 Rxf3 31. Bd1 Rxe3
32. dxe5 Bxe5 33. Bxe5 Nxe5 34. Rxh5 Nf3 35. Bxf3 Rxf3 36. h4
Raf8 37. Rg5+ Kh7 38. a4 Rf2+ 39. Kh3 R8f5 40. Rxf5 Rxf5
41. Kg4 Rf2 42. Re1 Kg6 43. h5+ Kh6 44. b5 axb5 45. axb5 cxb5
46. Rd1 e3 47. Rxd5 e2 48. Re5 b4 49. Re6+ Kh7 50. Kg5 b3
51. Re7+ Kg8 52. h6 b2 0-1

[Event "European Team Championship (Women)"]
[Site "Reykjavik ISL"]
[Date "2015.11.17"]
[EventDate "2015.11.13"]
[Round "5.4"]
[Result "1-0"]
[White "Elisabeth Paehtz"]
[Black "Zhaoqin Peng"]
[WhiteElo "2462"]
[BlackElo "2383"]
[PlyCount "80"]

1. d4 d5 2. Nf3 c5 3. c4 dxc4 4. e3 e6 5. Bxc4 Nf6 6. O-O a6
7. Nc3 b5 8. Be2 Bb7 9. dxc5 Qxd1 10. Rxd1 Bxc5 11. Nd2 Nbd7
12. Nb3 Rc8 13. Na5 Rb8 14. a4 b4 15. Nxb7 Rxb7 16. Nb1 a5
17. b3 Ke7 18. Bb2 Rd8 19. Nd2 Nb6 20. Bb5 Rc7 21. Rac1 Bd6
22. Bd4 Rxc1 23. Rxc1 Nbd5 24. Nc4 Rc8 25. Re1 Ne4 26. f3 Nec3
27. Nxa5 e5 28. Ba7 Nxb5 29. axb5 Rc3 30. b6 Bc5 31. Nc6+ Kd6
32. b7 Bxa7 33. Nxa7 Kc7 34. Nb5+ Kxb7 35. Nxc3 bxc3 36. Rc1
Nxe3 37. Rxc3 Nf5 38. Rc5 f6 39. f4 Kb6 40. b4 Ne7 1-0

[Event "IMSA Elite Mind Games (Women's Rapid)"]
[Site "Huai'an CHN"]
[Date "2016.02.26"]
[EventDate "2016.02.26"]
[Round "1.2"]
[Result "1/2-1/2"]
[White "Elisabeth Paehtz"]
[Black "Lilit Mkrtchian"]
[WhiteElo "2472"]
[BlackElo "2434"]
[PlyCount "90"]

1. e4 e5 2. Nf3 Nc6 3. Bc4 Bc5 4. d3 Nf6 5. O-O d6 6. c3 a6
7. Bb3 h6 8. Nbd2 O-O 9. h3 Re8 10. Re1 Be6 11. Nf1 Bxb3
12. Qxb3 d5 13. Ng3 Qd7 14. Bd2 Bb6 15. Rad1 Rad8 16. Bc1 Qe6
17. Qa4 dxe4 18. dxe4 Ne7 19. Nh4 Nd7 20. Nhf5 Nc5 21. Nxe7+
Qxe7 22. Qc2 Ne6 23. Nf5 Qf6 24. Qe2 Rxd1 25. Rxd1 Rd8
26. Rxd8+ Qxd8 27. g3 Bc5 28. Kg2 Bf8 29. Qd2 Qxd2 30. Bxd2
Nc5 31. Kf3 h5 32. b4 Nd7 33. Bg5 f6 34. Bd2 Kf7 35. Ke2 Ke6
36. Kd3 b5 37. Ne3 c5 38. a3 c4+ 39. Ke2 Nb6 40. f3 Bd6
41. Nf5 Bf8 42. Ne3 Bd6 43. Nf5 Bf8 44. Ne3 Bd6 45. Nf5 Bf8
1/2-1/2

[Event "IMSA Elite Mind Games (Women's Rapid)"]
[Site "Huai'an CHN"]
[Date "2016.02.26"]
[EventDate "2016.02.26"]
[Round "2.3"]
[Result "1/2-1/2"]
[White "Monika (Bobrowska) Socko"]
[Black "Elisabeth Paehtz"]
[WhiteElo "2448"]
[BlackElo "2472"]
[PlyCount "76"]

1. d4 e6 2. c4 Bb4+ 3. Nd2 d5 4. Nf3 Nf6 5. e3 O-O 6. a3 Be7
7. Bd3 b6 8. O-O Nbd7 9. cxd5 exd5 10. Ne5 Bb7 11. f4 c5
12. Qf3 a5 13. Qh3 g6 14. Ndf3 Nxe5 15. Nxe5 Kg7 16. Bd2 Ba6
17. Bxa6 Rxa6 18. dxc5 bxc5 19. Bc3 d4 20. Rad1 Rd6 21. exd4
cxd4 22. Bd2 Rd5 23. Nc6 Qc7 24. Nxe7 Qxe7 25. f5 Kg8 26. Bh6
Re8 27. Bg5 Qd6 28. Bxf6 Qxf6 29. fxg6 Qxg6 30. Rd3 Rg5
31. Kh1 Re2 32. Rxd4 Rexg2 33. Rd8+ Kg7 34. Qc3+ Kh6 35. Qh3+
Kg7 36. Qc3+ Kh6 37. Qh3+ Kg7 38. Qc3+ Kh6 1/2-1/2

[Event "IMSA Elite Mind Games (Women's Rapid)"]
[Site "Huai'an CHN"]
[Date "2016.02.26"]
[EventDate "2016.02.26"]
[Round "4.2"]
[Result "1-0"]
[White "Elisabeth Paehtz"]
[Black "Zhao Xue"]
[WhiteElo "2472"]
[BlackElo "2506"]
[PlyCount "104"]

1. d4 Nf6 2. c4 Nc6 3. Nf3 e6 4. g3 Bb4+ 5. Bd2 a5 6. Bg2 d5
7. a3 Be7 8. Qc2 Ne4 9. O-O Nd6 10. cxd5 exd5 11. Nc3 Nf5
12. e3 Be6 13. Qb3 Ra6 14. Ne1 Bg5 15. f4 Bf6 16. Nxd5 Ncxd4
17. Nxf6+ gxf6 18. Qd3 Nb3 19. Qxd8+ Kxd8 20. Bc3 Ke7 21. Nc2
Nxa1 22. Rxa1 Rb8 23. Kf2 Bb3 24. Ne1 Re6 25. Bh3 Nxe3
26. Bxe6 Nd1+ 27. Rxd1 Bxd1 28. Bf5 b6 29. Ng2 Bb3 30. Ne3 Be6
31. Be4 Rd8 32. h4 h5 33. Bf3 Rh8 34. f5 Bb3 35. Ng2 Bc2
36. Nf4 Bxf5 37. Nxh5 Rh6 38. Nf4 Be6 39. Nd5+ Bxd5 40. Bxd5
Rh5 41. Be4 Ke6 42. Kf3 Rh8 43. Kf4 Ke7 44. Bf3 Ke6 45. h5 Rd8
46. g4 Rg8 47. Be4 Rh8 48. Bf5+ Ke7 49. Ke4 c6 50. Bd4 c5
51. Bc3 b5 52. Bxa5 Rd8 1-0

[Event "IMSA Elite Mind Games (Women's Rapid)"]
[Site "Huai'an CHN"]
[Date "2016.02.27"]
[EventDate "2016.02.26"]
[Round "5.1"]
[Result "1-0"]
[White "Tan Zhongyi"]
[Black "Elisabeth Paehtz"]
[WhiteElo "2504"]
[BlackElo "2472"]
[PlyCount "71"]

1. Nf3 e6 2. g3 b6 3. Bg2 Bb7 4. c4 g6 5. O-O Bg7 6. d4 Ne7
7. Nc3 O-O 8. d5 Na6 9. e4 e5 10. Rb1 c5 11. a3 Nc8 12. Ne1
Nd6 13. b3 Nc7 14. Nd3 f5 15. Bb2 f4 16. gxf4 exf4 17. Qg4 Nf7
18. Qxf4 Ne8 19. Ne2 Nf6 20. Ng3 d6 21. Rbe1 Nd7 22. Bxg7 Kxg7
23. Qd2 Qf6 24. f4 Qd4+ 25. Qe3 Qc3 26. Nf2 Qd4 27. Bh3 Qxe3
28. Rxe3 Nf6 29. e5 Ne8 30. Nd3 Nh6 31. f5 dxe5 32. Rxe5 Bc8
33. Re7+ Kg8 34. fxg6 Rxf1+ 35. Bxf1 hxg6 36. Rxe8+ 1-0

[Event "IMSA Elite Mind Games (Women's Rapid)"]
[Site "Huai'an CHN"]
[Date "2016.02.27"]
[EventDate "2016.02.26"]
[Round "6.2"]
[Result "1/2-1/2"]
[White "Elisabeth Paehtz"]
[Black "Ju Wenjun"]
[WhiteElo "2472"]
[BlackElo "2558"]
[PlyCount "97"]

1. e4 c5 2. Nc3 e6 3. Nf3 Nc6 4. d4 cxd4 5. Nxd4 a6 6. Nb3 Nf6
7. Bd3 Be7 8. O-O O-O 9. f4 d6 10. Qe2 Nb4 11. Be3 e5 12. Kh1
Nxd3 13. cxd3 b5 14. Rac1 Bb7 15. fxe5 dxe5 16. Nc5 Bc6
17. Nb1 Qd6 18. Nd2 a5 19. Nf3 Rfc8 20. a3 a4 21. Bd2 Be8
22. Bb4 Nh5 23. Qe3 Qb8 24. Rc3 Rc6 25. Nxe5 Qxe5 26. Rf5 Qc7
27. Rxh5 Rc8 28. d4 f6 29. Rf5 Bd6 30. Ne6 Rxc3 31. bxc3 Qe7
32. Bxd6 Qxe6 33. Bb4 Bg6 34. Rf4 Re8 35. e5 h6 36. h3 fxe5
37. dxe5 Qxe5 38. Rf8+ Kh7 39. Rxe8 Qxe8 40. Qxe8 Bxe8 41. Kg1
Kg6 42. Kf2 Kf5 43. Ke3 h5 44. g3 Bd7 45. h4 Be8 46. Bc5 Bd7
47. Bb4 Be8 48. Bc5 Bd7 49. Bb4 1/2-1/2

[Event "European Individual Championship (Women)"]
[Site "Mamaia ROU"]
[Date "2016.05.30"]
[EventDate "2016.05.27"]
[Round "4.4"]
[Result "1/2-1/2"]
[White "Elisabeth Paehtz"]
[Black "Daria Charochkina"]
[WhiteElo "2489"]
[BlackElo "2362"]
[PlyCount "212"]

1. d4 Nf6 2. c4 g6 3. Nc3 d5 4. Bg5 Ne4 5. Bh4 Nxc3 6. bxc3
dxc4 7. e3 Be6 8. Be2 Bd5 9. Nf3 Bg7 10. O-O Nd7 11. Nd2 b5
12. a4 a6 13. e4 Bc6 14. d5 Bb7 15. Rb1 Nb6 16. axb5 axb5
17. Rxb5 Ba6 18. Rb1 O-O 19. Qc2 Qd7 20. Rb4 e6 21. dxe6 Qxe6
22. Bg3 c5 23. Rb2 Na4 24. Qxa4 Bxc3 25. Rc2 Bxd2 26. Bxc4
Bxc4 27. Qxc4 Qxc4 28. Rxc4 Rfe8 29. f3 Be3+ 30. Bf2 Bxf2+
31. Kxf2 Ra2+ 32. Kg3 Rb8 33. Rxc5 Rbb2 34. Rg1 Kg7 35. h4 h5
36. Rg5 Re2 37. Kh3 Rab2 38. Kg3 Rb3 39. Kf4 Rf2 40. Rd5 Rbb2
41. g4 Rb3 42. Rg3 hxg4 43. Kxg4 Rh2 44. h5 Rxh5 45. Rxh5
gxh5+ 46. Kxh5+ Kf6 47. Kg4 Rb4 48. Kf4 Ke6 49. Rg5 Ra4
50. Re5+ Kf6 51. Rb5 Ra6 52. Kg4 Ra1 53. f4 Rg1+ 54. Kf3 Rf1+
55. Ke3 Re1+ 56. Kd3 Rf1 57. Rb6+ Ke7 58. Ke3 f6 59. Rb5 Kd6
60. Rb7 Rh1 61. Kf3 Rg1 62. Rb3 Ke7 63. Rd3 Ke6 64. f5+ Ke7
65. Rb3 Rf1+ 66. Ke2 Rh1 67. Rb6 Rh3 68. Re6+ Kf7 69. Rd6 Ke7
70. Rd3 Rh1 71. Ke3 Re1+ 72. Kd4 Ra1 73. Rb3 Rd1+ 74. Kc4 Rc1+
75. Rc3 Re1 76. Kd4 Rd1+ 77. Rd3 Re1 78. Kd5 Ra1 79. Rd4 Rc1
80. Ra4 Rd1+ 81. Kc5 Rc1+ 82. Kd4 Rd1+ 83. Ke3 Re1+ 84. Kf2
Rb1 85. Ra3 Kd6 86. Kf3 Rf1+ 87. Ke3 Re1+ 88. Kf4 Rf1+ 89. Rf3
Re1 90. Rd3+ Ke7 91. Ra3 Rf1+ 92. Kg4 Rg1+ 93. Rg3 Re1 94. Kh5
Kf7 95. Rb3 Rg1 96. Rb7+ Kf8 97. Kh4 Re1 98. Kg4 Rf1 99. e5
Rg1+ 100. Kf3 Rf1+ 101. Ke4 Re1+ 102. Kf4 Rf1+ 103. Kg4 Rg1+
104. Kf3 Rf1+ 105. Ke2 Rxf5 106. exf6 Rxf6 1/2-1/2

[Event "European Rapid Championships"]
[Site "Tallinn EST"]
[Date "2016.12.15"]
[EventDate "2016.12.15"]
[Round "3.23"]
[Result "1-0"]
[White "Aleksandr Rakhmanov"]
[Black "Elisabeth Paehtz"]
[WhiteElo "2667"]
[BlackElo "2463"]
[PlyCount "49"]

1. c4 e6 2. e4 b6 3. Nc3 Bb7 4. Nf3 Bb4 5. Bd3 Bxc3 6. dxc3 d6
7. Bg5 Nf6 8. e5 dxe5 9. Nxe5 Nbd7 10. Qa4 O-O 11. Nxd7 Qxd7
12. Qc2 Qc6 13. f3 Qc5 14. Bxf6 Qe3+ 15. Kf1 gxf6 16. Bxh7+
Kg7 17. Re1 Qc5 18. Bd3 Rad8 19. Rd1 Rd6 20. Qf2 Rxd3 21. Qg3+
Kh7 22. Qh4+ Kg7 23. Rxd3 Rh8 24. Qg4+ Kh7 25. Ke2 1-0

[Event "European Rapid Championships"]
[Site "Tallinn EST"]
[Date "2016.12.15"]
[EventDate "2016.12.15"]
[Round "4.13"]
[Result "0-1"]
[White "Elisabeth Paehtz"]
[Black "Daniel Fridman"]
[WhiteElo "2463"]
[BlackElo "2596"]
[PlyCount "56"]

1. d4 Nf6 2. c4 e6 3. g3 d5 4. Bg2 Be7 5. Nf3 O-O 6. O-O dxc4
7. Qc2 b5 8. a4 b4 9. Ne5 Qxd4 10. Bxa8 Qxe5 11. Bf3 Ba6
12. Bf4 Qc5 13. Be3 Qa5 14. Nd2 b3 15. Qc1 Qb4 16. Bd4 Nd5
17. Ne4 Nc6 18. Bc3 Nxc3 19. Nxc3 Nd4 20. Be4 Qxc3 21. Qxc3
Nxe2+ 22. Kg2 Nxc3 23. bxc3 Rd8 24. Rfd1 Rd6 25. Kf3 f5
26. Ba8 Bf6 27. Rac1 Bxc3 28. Ke2 Bd2 0-1

[Event "European Rapid Championships"]
[Site "Tallinn EST"]
[Date "2016.12.15"]
[EventDate "2016.12.15"]
[Round "5.24"]
[Result "1-0"]
[White "Filip Boe Olsen"]
[Black "Elisabeth Paehtz"]
[WhiteElo "2157"]
[BlackElo "2463"]
[PlyCount "111"]

1. e4 e6 2. d4 d5 3. Bd3 c5 4. exd5 exd5 5. Nf3 c4 6. Be2 Bd6
7. b3 cxb3 8. axb3 Ne7 9. O-O O-O 10. c4 Nbc6 11. Nc3 Bf5
12. Bg5 f6 13. Bh4 Nb4 14. c5 Bf4 15. Bg3 Bc2 16. Qe1 Ng6
17. Na2 Nxa2 18. Rxa2 Bxb3 19. Rb2 Ba4 20. Bd3 Bxg3 21. fxg3
Bc6 22. Qe6+ Kh8 23. Qh3 Kg8 24. Bf5 Re8 25. Be6+ Kh8 26. Bf7
Nf8 27. Bxe8 Qxe8 28. Re1 Qg6 29. g4 Qd3 30. Qg3 a5 31. Rd2
Qg6 32. h3 a4 33. Kh2 Re8 34. Rxe8 Qxe8 35. g5 Nd7 36. h4 Qb8
37. Qxb8+ Nxb8 38. Kg3 Na6 39. Rb2 Nc7 40. Kf4 Kg8 41. gxf6
gxf6 42. Ne1 Kf7 43. Nc2 h5 44. Nb4 Bd7 45. Ke3 Kg6 46. Nd3
Bc6 47. Ra2 Kf5 48. Nb2 Kg4 49. Nxa4 f5 50. Nc3 f4+ 51. Kf2
Ne6 52. Ne2 Kxh4 53. Ra8 Bb5 54. Nxf4 Nxd4 55. Rg8 Nf5 56. g3+
1-0

[Event "European Rapid Championships"]
[Site "Tallinn EST"]
[Date "2016.12.15"]
[EventDate "2016.12.15"]
[Round "6.16"]
[Result "0-1"]
[White "Elisabeth Paehtz"]
[Black "Arkadij Naiditsch"]
[WhiteElo "2463"]
[BlackElo "2687"]
[PlyCount "82"]

1. e4 e5 2. Nf3 Nc6 3. Bc4 Nf6 4. d3 Be7 5. O-O d6 6. a4 Bg4
7. c3 Qd7 8. a5 a6 9. Nbd2 Bh5 10. Re1 h6 11. Nf1 g5 12. Ng3
Bg6 13. Qb3 O-O-O 14. Bxf7 Bxf7 15. Qxf7 Rdf8 16. Qc4 g4
17. Nd2 h5 18. Nf5 h4 19. Nf1 g3 20. fxg3 hxg3 21. N1xg3 Bd8
22. b4 d5 23. exd5 Nxd5 24. Rf1 Rfg8 25. Bd2 Nf6 26. b5 Nb8
27. bxa6 Nxa6 28. Rab1 c6 29. Be3 Rg4 30. Qb3 Rh7 31. Bb6 Nd5
32. Bxd8 Qxd8 33. Ne4 Nf4 34. Rxf4 exf4 35. Nfd6+ Kb8 36. Nxb7
Qh4 37. Nbc5+ Ka8 38. Kf1 Qxh2 39. Nf2 Rxg2 40. Nce4 f3
41. Ke1 Qg1+ 0-1

[Event "European Rapid Championships"]
[Site "Tallinn EST"]
[Date "2016.12.16"]
[EventDate "2016.12.15"]
[Round "8.40"]
[Result "1/2-1/2"]
[White "Elisabeth Paehtz"]
[Black "Sander Kukk"]
[WhiteElo "2463"]
[BlackElo "2178"]
[PlyCount "91"]

1. e4 g6 2. d4 Bg7 3. Nc3 d6 4. f4 Nf6 5. Nf3 O-O 6. e5 dxe5
7. fxe5 Nd5 8. Bc4 Be6 9. Bb3 c5 10. dxc5 Nxc3 11. Qxd8 Rxd8
12. bxc3 Nd7 13. Bg5 Nxe5 14. Nd4 Bxb3 15. axb3 Nc6 16. Ne2
Rd5 17. Be3 Nb4 18. Rc1 Na2 19. Rd1 Rxd1+ 20. Kxd1 Nxc3+
21. Nxc3 Bxc3 22. Ke2 Rd8 23. Rb1 a5 24. Rf1 f5 25. Rf4 Kf7
26. Rh4 h5 27. Rc4 Be5 28. h3 Kf6 29. c6 bxc6 30. Rxc6+ e6
31. Bb6 Ra8 32. Rc4 f4 33. Ra4 Ra6 34. Bxa5 Kf5 35. c4 g5
36. c5 g4 37. hxg4+ hxg4 38. Bb6 Rxa4 39. bxa4 Ke4 40. c6 Kd5
41. c7 Bxc7 42. Bxc7 f3+ 43. gxf3 gxf3+ 44. Kxf3 Kc6 45. Ba5
Kb7 46. Ke4 1/2-1/2

[Event "European Rapid Championships"]
[Site "Tallinn EST"]
[Date "2016.12.16"]
[EventDate "2016.12.15"]
[Round "10.17"]
[Result "0-1"]
[White "Elisabeth Paehtz"]
[Black "Olexandr Bortnyk"]
[WhiteElo "2463"]
[BlackElo "2581"]
[PlyCount "58"]

1. d4 d6 2. e4 Nf6 3. Nc3 Nbd7 4. f4 e5 5. Nf3 exd4 6. Qxd4 c6
7. Bd2 d5 8. exd5 Bc5 9. Qd3 O-O 10. O-O-O Ng4 11. Ne4 cxd5
12. Qxd5 Ne3 13. Bxe3 Bxe3+ 14. Kb1 Qb6 15. Bc4 Bxf4 16. Nfg5
Ne5 17. Bb3 Bg4 18. g3 Rad8 19. gxf4 Rxd5 20. Rxd5 Nf3 21. f5
Nxg5 22. Nxg5 Bh5 23. Rf1 h6 24. Ne4 Bf3 25. Rd6 Qb4 26. Rg6
Bxe4 27. Rfg1 Bxf5 28. Rxg7+ Kh8 29. Bxf7 Qd4 0-1

[Event "World Blitz Championship (Women)"]
[Site "Doha QAT"]
[Date "2016.12.29"]
[EventDate "2016.12.29"]
[Round "1.7"]
[Result "0-1"]
[White "Elisabeth Paehtz"]
[Black "Sarasadat Khademalsharieh"]
[WhiteElo "2463"]
[BlackElo "2438"]
[PlyCount "154"]

1. e4 e5 2. Nf3 Nc6 3. Bc4 Bc5 4. d3 Nf6 5. O-O d6 6. c3 a6
7. a4 h6 8. Re1 O-O 9. h3 Re8 10. Nbd2 d5 11. exd5 Nxd5
12. Ne4 Be7 13. Ng3 Bf8 14. d4 Nb6 15. Bb3 exd4 16. Rxe8 Qxe8
17. Nxd4 Nxd4 18. Qxd4 Be6 19. Bc2 Qc6 20. a5 Nd5 21. Qd3 g6
22. Bd2 Bg7 23. Re1 Nf6 24. Bf4 Bc4 25. Qd2 h5 26. Be3 Bd5
27. f3 Re8 28. Bd4 Rxe1+ 29. Qxe1 Qb5 30. b4 Qd7 31. Ne2 Bc4
32. Nf4 Nd5 33. Nxd5 Bxd4+ 34. cxd4 Bxd5 35. Qe5 Qc6 36. Be4
Qc1+ 37. Kh2 Bxe4 38. fxe4 Qc4 39. Qe8+ Kg7 40. Qe5+ Kh7
41. Qe7 Kg7 42. d5 Qc1 43. Qe5+ Kg8 44. Qe8+ Kg7 45. Qe5+ Kh7
46. Qf6 Kg8 47. e5 Qc4 48. d6 cxd6 49. exd6 Qd5 50. Qe7 Qd2
51. Qe8+ Kg7 52. Qe5+ Kh7 53. Qf6 Kg8 54. Qe5 Kh7 55. Qg3 Qd4
56. Qf3 Qxd6+ 57. Kh1 Qd7 58. Qe4 Kg7 59. Qe5+ f6 60. Qe4 g5
61. Qc4 Qc6 62. Qd4 Kg6 63. Qd3+ f5 64. Qd4 g4 65. hxg4 hxg4
66. Qf4 Qe6 67. Kh2 Qe7 68. Kh1 Qe1+ 69. Kh2 Qh4+ 70. Kg1 Qe7
71. Qd4 Qe4 72. Qd6+ Kg5 73. Qd8+ Kf4 74. Qd2+ Qe3+ 75. Qxe3+
Kxe3 76. Kf1 f4 77. Ke1 f3 0-1

[Event "World Blitz Championship (Women)"]
[Site "Doha QAT"]
[Date "2016.12.29"]
[EventDate "2016.12.29"]
[Round "2.12"]
[Result "1-0"]
[White "Alina Kashlinskaya"]
[Black "Elisabeth Paehtz"]
[WhiteElo "2429"]
[BlackElo "2463"]
[PlyCount "117"]

1. d4 d6 2. c4 g6 3. e4 Bg7 4. Nc3 Nc6 5. Nf3 Bg4 6. d5 Nd4
7. Be2 Bxf3 8. Bxf3 c5 9. O-O Nf6 10. g3 Nd7 11. Bg2 O-O
12. Be3 Ne5 13. b3 Nd7 14. Rc1 Qa5 15. Bd2 Qa6 16. f4 f5
17. g4 fxe4 18. Bxe4 Nf6 19. Bg2 Rae8 20. Be3 Nd7 21. Kh1 Qa5
22. Qd2 a6 23. Qd3 b5 24. cxb5 Nxb5 25. Na4 Nd4 26. Bd2 Qb5
27. Rc4 Nf6 28. Nc3 Qd7 29. h3 Kh8 30. Ne4 Nxd5 31. Ng5 Nf6
32. Bc3 e5 33. fxe5 dxe5 34. Rxc5 Qe7 35. Qc4 Nxg4 36. Nf7+
Rxf7 37. Qxf7 Qxf7 38. Rxf7 Ne3 39. Be4 Ne6 40. Bc6 Rd8
41. Ra5 Kg8 42. Rd7 Rc8 43. Rxa6 Nc5 44. Rxg7+ Kxg7 45. Bxe5+
Kf7 46. Rb6 Ke6 47. Bb7+ Kxe5 48. Bxc8 Ne4 49. Re6+ Kf4 50. a4
Nc5 51. Rb6 Nd3 52. a5 Kg3 53. Kg1 Nf2 54. a6 Ne4 55. a7 Ng5
56. a8=Q Nf3+ 57. Kh1 Nd1 58. Qb8+ Kf2 59. Rf6 1-0

[Event "World Blitz Championship (Women)"]
[Site "Doha QAT"]
[Date "2016.12.29"]
[EventDate "2016.12.29"]
[Round "3.15"]
[Result "1-0"]
[White "Elisabeth Paehtz"]
[Black "Jana Krivec"]
[WhiteElo "2463"]
[BlackElo "2264"]
[PlyCount "85"]

1. e4 e5 2. Nf3 Nc6 3. Bc4 Nf6 4. d3 Bc5 5. Bb3 O-O 6. h3 d5
7. Qe2 dxe4 8. dxe4 Nd4 9. Nxd4 exd4 10. O-O Re8 11. e5 Qe7
12. Bf4 Nd7 13. Re1 Bb4 14. c3 dxc3 15. Nxc3 c6 16. Rad1 Nc5
17. Bc2 Bxc3 18. bxc3 Be6 19. Be3 Rad8 20. Rd6 Rxd6 21. Bxc5
Rd2 22. Bxh7+ Kxh7 23. Qh5+ Kg8 24. Bxe7 Rxe7 25. Qg5 Red7
26. Qe3 Rxa2 27. Rb1 b5 28. Qf3 Bd5 29. Qf5 Be6 30. Qf3 Bd5
31. Qe3 Be6 32. Rb4 Bc4 33. Rb1 a5 34. Qc5 Bd5 35. Rd1 a4
36. Rd4 a3 37. Kh2 Ra1 38. c4 bxc4 39. Qa5 g6 40. Qa8+ Kg7
41. Rh4 g5 42. Qh8+ Kg6 43. Qh7# 1-0

[Event "World Blitz Championship (Women)"]
[Site "Doha QAT"]
[Date "2016.12.29"]
[EventDate "2016.12.29"]
[Round "4.11"]
[Result "1-0"]
[White "Natalia Zhukova"]
[Black "Elisabeth Paehtz"]
[WhiteElo "2440"]
[BlackElo "2463"]
[PlyCount "95"]

1. d4 d6 2. c4 g6 3. e4 Bg7 4. Nc3 Nc6 5. Nge2 Nf6 6. f3 a6
7. Be3 Rb8 8. d5 Ne5 9. Nd4 c5 10. Nc2 h5 11. Qd2 Bd7 12. a4
Qa5 13. Be2 O-O 14. h3 Be8 15. f4 Ned7 16. O-O Qc7 17. Bf2 Rd8
18. Bg3 e6 19. e5 dxe5 20. d6 Qc8 21. fxe5 Nh7 22. Qe3 Nb8
23. Bh4 Nc6 24. Bxd8 Qxd8 25. Qxc5 Bxe5 26. Rad1 Bd7 27. Bf3
Qg5 28. Ne4 Qh6 29. Qe3 Qg7 30. Nc5 Rd8 31. Nxb7 Nd4 32. Nxd4
Rb8 33. c5 Bxa4 34. c6 Bxd1 35. Rxd1 Qf6 36. c7 Rf8 37. Nc6
Bf4 38. Qc3 e5 39. d7 Qg5 40. d8=Q Qg3 41. Ne7+ Kg7 42. Qxf8+
Nxf8 43. c8=Q Qh2+ 44. Kf2 Qg3+ 45. Ke2 Ne6 46. Qg8+ Kf6
47. Qh8+ Kxe7 48. Qb4+ 1-0

[Event "World Blitz Championship (Women)"]
[Site "Doha QAT"]
[Date "2016.12.29"]
[EventDate "2016.12.29"]
[Round "5.14"]
[Result "1-0"]
[White "Elisabeth Paehtz"]
[Black "Maka Purtseladze"]
[WhiteElo "2463"]
[BlackElo "2347"]
[PlyCount "109"]

1. b3 d5 2. Bb2 Nf6 3. e3 a6 4. f4 g6 5. Nf3 Bg7 6. g3 c5
7. Bg2 Nc6 8. O-O O-O 9. Qe2 b5 10. a4 b4 11. d3 a5 12. Nbd2
Ba6 13. Ne5 Rc8 14. Nxc6 Rxc6 15. Nf3 c4 16. Ne5 Rc7 17. Bd4
Qc8 18. Rad1 Nd7 19. Bxd5 cxd3 20. cxd3 e6 21. Bc4 Nxe5
22. Bxe5 Bxe5 23. fxe5 Bxc4 24. dxc4 Rc5 25. Rd4 Rxe5 26. Qf3
Qc5 27. Rfd1 Rf5 28. Qe4 Re5 29. Qf4 Kg7 30. Re4 Rf5 31. Qd6
Qxd6 32. Rxd6 Rc8 33. Rf4 Rcc5 34. e4 Rxf4 35. gxf4 g5
36. fxg5 Rxg5+ 37. Kf2 Rg4 38. Ra6 Rxe4 39. Rxa5 Rh4 40. Kg2
Rg4+ 41. Kf3 Rd4 42. Ke3 Rh4 43. Rg5+ Kf6 44. Rg3 Rxh2 45. Kd4
h5 46. Kc5 h4 47. Rf3+ Ke7 48. a5 Ra2 49. Kb6 f5 50. a6 Kf6
51. c5 e5 52. c6 e4 53. Rh3 Kg5 54. c7 Kg4 55. Rh1 1-0

[Event "World Blitz Championship (Women)"]
[Site "Doha QAT"]
[Date "2016.12.29"]
[EventDate "2016.12.29"]
[Round "6.12"]
[Result "1-0"]
[White "Daria Charochkina"]
[Black "Elisabeth Paehtz"]
[WhiteElo "2383"]
[BlackElo "2463"]
[PlyCount "129"]

1. d4 d5 2. Bf4 c6 3. Nf3 Qb6 4. Qc1 Nf6 5. e3 Bf5 6. Be2 e6
7. O-O h6 8. c4 Nbd7 9. Nc3 Be7 10. Ne5 Nxe5 11. Bxe5 O-O
12. Qd2 Qd8 13. Rfe1 Bg6 14. Bf1 Nd7 15. Bg3 Bg5 16. Rad1 Re8
17. Qe2 Nb6 18. c5 Nd7 19. e4 dxe4 20. Nxe4 Bxe4 21. Qxe4 Nf6
22. Qc2 Nd5 23. a3 a5 24. Qe4 Bf6 25. Bd3 g6 26. Bb1 Bg7
27. h4 h5 28. Be5 Bxe5 29. dxe5 Qe7 30. Qc4 a4 31. Rd3 Ra5
32. Rc1 Qc7 33. Re1 Rb5 34. g4 hxg4 35. Qxg4 Rxb2 36. h5 Rxb1
37. Rxb1 Qxe5 38. hxg6 f5 39. Qh4 Re7 40. Rh3 Qf6 41. Qh6 Qg7
42. Qg5 Qf6 43. Qg3 f4 44. Qg4 Rg7 45. Rh6 Nc3 46. Re1 f3
47. Qxe6+ Qxe6 48. Rxe6 Ne2+ 49. Kh2 Kf8 50. Rh8+ Rg8
51. Rxg8+ Kxg8 52. Re7 Nd4 53. Rxb7 Ne6 54. Rb6 Nxc5 55. Rxc6
Ne4 56. Rc4 Nxf2 57. Rxa4 Kg7 58. Rf4 Nd3 59. Rxf3 Ne5 60. Rg3
Nc4 61. a4 Na5 62. Kg2 Nc6 63. Kf2 Na5 64. Ke3 Nc4+ 65. Kd4
1-0

[Event "World Blitz Championship (Women)"]
[Site "Doha QAT"]
[Date "2016.12.29"]
[EventDate "2016.12.29"]
[Round "7.14"]
[Result "1-0"]
[White "Elisabeth Paehtz"]
[Black "Bahar Hallaeva"]
[WhiteElo "2463"]
[BlackElo "2112"]
[PlyCount "62"]

1. e4 e5 2. Nf3 Nc6 3. Bc4 Nf6 4. d3 Bc5 5. Bb3 O-O 6. Bg5 h6
7. Bh4 Be7 8. h3 d5 9. Bxf6 Bxf6 10. Bxd5 Ne7 11. Bb3 Ng6
12. g3 c6 13. Nbd2 a5 14. a3 b5 15. Qe2 Be7 16. Nf1 Qb6 17. h4
Bd6 18. Ne3 Bd7 19. a4 Ne7 20. h5 Rac8 21. Nh4 Bc5 22. Nf3 Bd6
23. g4 Kh7 24. g5 Ng8 25. Bxf7 bxa4 26. Nc4 Qc7 27. Bxg8+ Rxg8
28. Rg1 Be6 29. Rxa4 Bb4+ 30. c3 Bxc4 31. dxc4 Be7 1-0

[Event "World Blitz Championship (Women)"]
[Site "Doha QAT"]
[Date "2016.12.29"]
[EventDate "2016.12.29"]
[Round "8.10"]
[Result "1-0"]
[White "Lela Javakhishvili"]
[Black "Elisabeth Paehtz"]
[WhiteElo "2461"]
[BlackElo "2463"]
[PlyCount "63"]

1. Nf3 g6 2. d4 Bg7 3. e4 d6 4. c4 Bg4 5. Nc3 Nc6 6. Be3 Bxf3
7. gxf3 e5 8. d5 Nd4 9. f4 c5 10. dxc6 bxc6 11. fxe5 dxe5
12. Be2 Rb8 13. Qd2 Nf6 14. Rd1 Nd7 15. Na4 O-O 16. O-O Qh4
17. f4 c5 18. Nc3 exf4 19. Bxf4 Ne5 20. Bg3 Qh3 21. Nd5 Rbd8
22. Rf2 Nec6 23. Bf1 h5 24. Bxh3 Rfe8 25. Bg2 Ne5 26. Bxe5
Rxe5 27. Qf4 Rd7 28. Kh1 Rb7 29. b3 Ne6 30. Qe3 a5 31. Nf6+
Kh8 32. Rd5 1-0

[Event "World Blitz Championship (Women)"]
[Site "Doha QAT"]
[Date "2016.12.29"]
[EventDate "2016.12.29"]
[Round "9.13"]
[Result "0-1"]
[White "Elisabeth Paehtz"]
[Black "Sopio Gvetadze"]
[WhiteElo "2463"]
[BlackElo "2283"]
[PlyCount "96"]

1. e4 Nf6 2. e5 Nd5 3. Bc4 c6 4. Nc3 Nxc3 5. dxc3 d5 6. Bd3 g6
7. h4 h5 8. Qe2 Bg4 9. f3 Be6 10. Nh3 Bxh3 11. Rxh3 e6 12. Bd2
Be7 13. O-O-O Nd7 14. g3 Qc7 15. Bf4 O-O-O 16. c4 Nc5 17. Rhh1
Kb8 18. Be3 Ka8 19. Bxc5 Bxc5 20. f4 Qb6 21. Kb1 Bd4 22. b3
Bc3 23. a3 Qa5 24. Ka2 Bb4 25. a4 Bc3 26. Qe3 Rd7 27. cxd5
cxd5 28. Bb5 Rc7 29. Rh2 Rhc8 30. Bd3 d4 31. Qc1 Rc6 32. Qa3
Bb4 33. Qb2 Rc3 34. Re2 R8c6 35. Be4 Rc8 36. Rxd4 Rxg3 37. Qc1
Bc3 38. Rd6 Qc5 39. Qd1 Rg1 40. Rd7 Rxd1 41. Rxd1 Qc7 42. Rd6
Rd8 43. Rxd8+ Qxd8 44. Re3 Qd2 45. Rf3 Qe1 46. b4 Qa1+ 47. Kb3
Qb2+ 48. Kc4 Qxb4+ 0-1